000 00826nam a22002297a 4500
005 20240226145936.0
008 101126t mx ||||| |||| 00| 0 spa d
020 _a9789681641993
050 0 4 _aJA81
_bS23 1994
100 1 _aSabine, George H.
240 1 0 _aA history of political theory.
_lEspañol.
245 1 0 _aHistoria de la teoría Política
_c / George H. Sabine ; revisada por Thomas Landon Thorson ; [traducción de Vicente Herrero].
250 _a3a ed.
_bcorregida y aum.
260 _aMéxico :
_bFondo de Cultura Económica,
_c1994
300 _a697 p. ;
_c23 cm.
490 0 _aPolítica y Derecho
504 _aIncluye bibliografía e índice
650 7 _2lemb
_aCiencias politicas
_xHistoria
700 1 _aThorson, Thomas Landon,
_erevisor
700 1 _aHerrero, Vicente,
_etraductor
942 _2lcc
_cLIB
999 _c45867
_d45867